Curso de derecho político (Record no. 164739)

MARC details
000 -LEADER
campo de control de longitud fija 00805nam a2200193 i 4500
001 - NÚMERO DE CONTROL
campo de control 164739
003 - IDENTIFICADOR DE NÚMERO DE CONTROL
campo de control ES-MaACL
005 - FECHA Y HORA DE LA ÚLTIMA TRANSACCIÓN
campo de control 20250809040022.0
008 - DATOS DE LONGITUD FIJA--INFORMACIÓN GENERAL
campo de control de longitud fija 950206s1883 sp |||| | spa d
100 1# - ENTRADA PRINCIPAL--NOMBRE DE PERSONA
Nombre de persona Santamaría de Paredes, Vicente,
Fechas asociadas al nombre 1853-1924
9 (RLIN) 103306
245 10 - MENCIÓN DEL TÍTULO
Título Curso de derecho político
Resto del título : según la filosofía política moderna, la historia general de España y la legislación vigente /
Mención de responsabilidad, etc. por Vicente Santamaría de Paredes ; con un prólogo de Eduardo Pérez Pujol.
250 ## - MENCION DE EDICION
Mención de edición 2ª ed.
260 ## - PUBLICACIÓN, DISTRIBUCIÓN, ETC.
Lugar de publicación, distribución, etc. Madrid :
Nombre del editor, distribuidor, etc. [s.n.],
Fecha de publicación, distribución, etc. 1883 (
Fabricante Establ. Tipográfico de Ricardo Fe)
300 ## - DESCRIPCIÓN FÍSICA
Extensión XVI, 763 p. ;
Dimensiones 23 cm.
650 04 - PUNTO DE ACCESO ADICIONAL DE MATERIA--TÉRMINO DE MATERIA
Término de materia o nombre geográfico como elemento de entrada Derecho político-
Subdivisión geográfica España
9 (RLIN) 11758
700 1# - ENTRADA AGREGADA--NOMBRE PERSONAL
Nombre de persona Pérez Pujol, Eduardo.
9 (RLIN) 91101
852 ## - LOCALIZACIÓN
Ubicación ES-MaACL
Número de control de estantería F-14187
Nota libre - Enc. pasta
Holdings
Estatus retirado Estado de pérdida Estado de daño No para préstamo Colección Biblioteca de origen Biblioteca actual Ubicación en estantería Fecha de adquisición Fuente de adquisición Total de préstamos Signatura topográfica completa Código de barras Visto por última vez Precio de reemplazo Tipo de ítem Koha
        Libros del s. XIX Biblioteca del Ateneo de Madrid Biblioteca del Ateneo de Madrid Sala Pecera Planta 2 17/01/2008     F-14187 1172689 23/02/2023 23/02/2023 Libro impreso antiguo